J.I.D Discography - Statistics

General Stats
  • This quiz has been taken 58 times
  • The average score is 39 of 131
Answer Stats
Album Song Name Feature(s) % Correct
The Never Story D/vision EarthGang
89%
The Forever Story Surround Sound 21 Savage, Baby Tate
84%
The Forever Story Dance Now Kenny Mason
80%
The Forever Story Raydar
78%
The Forever Story Stars Yasiin Bey
78%
The Forever Story Bruddanem Lil Durk
76%
God Does Like Ugly Glory
76%
The Forever Story Sistanem
76%
GDLU (Preluxe) Animals (Pt. I) Eminem
73%
God Does Like Ugly Community Clipse
73%
The Forever Story Kody Blu 31
73%
The Never Story NEVER
71%
God Does Like Ugly WRK
71%
The Forever Story Galaxy
69%
God Does Like Ugly YouUgly Westside Gunn
69%
The Forever Story 2007
67%
God Does Like Ugly VCR's Vince Staples
67%
God Does Like Ugly Sk8 EarthGang, Ciara
64%
Kiari Bodies JID, Offset
62%
The Forever Story Crack Sandwich
62%
God Does Like Ugly Of Blue Mereba
62%
God Does Like Ugly Wholeheartedly 6lack, Ty Dolla Sign
62%
God Does Like Ugly For Keeps
60%
God Does Like Ugly Gz
60%
The Forever Story Just In Time Kenny Mason, Lil Wayne
60%
DiCaprio 2 Off Deez J. Cole
60%
The Forever Story Can't Punk Me EarthGang
58%
The Forever Story Money
58%
God Does Like Ugly(Digital Alternate Version) Sun Anycia
58%
God Does Like Ugly What We On Don Toliver
58%
DiCaprio 2 151 Rum
53%
The Never Story LAUDER
53%
The Forever Story Can't Make U Change Ari Lennox
51%
God Does Like Ugly K-Word Pastor Troy
51%
The Forever Story Lauder Too Ravyn Lenae, Eryn Allen Kane
51%
God Does Like Ugly On McAfee Baby Kia
51%
The Forever Story Better Days Johnta Austin
49%
God Does Like Ugly No Boo Jessie Reyez
49%
DiCaprio 2 Workin Out
47%
D-Day: A GangstaGrillz Mixtape Stick JID, J. Cole, Kenny Mason, Sheck Wes
44%
The Never Story Hereditary
42%
DiCaprio 2 Off da Zoinkys
42%
Revenge of theDreamers III Down Bad JID, Bas, J. Cole, EarthGang,Young Nudy
40%
Arcane,Mercury - Act 1 Enemy JID, Imagine Dragons
40%
GDLU (Preluxe) Lisa 6lack
40%
Blakkboyz presentHalf Doin Dope/ Van Gogh Half Doin Dope JID, Lil Yachty, Babytron
38%
Blakkboyz present Half Doin Dope/ Van Gogh Van Gogh JID, Lil Yachty
36%
GDLU (Preluxe) Behold
33%
The Never Story EdEddnEddy
33%
The Never Story 8701 6lack
31%
God Does Like Ugly And We Vibing (Interlude)
29%
The Never Story General
29%
DiCaprio 2 Hasta Luego (Bonus)
29%
GDLU (Preluxe) Knew Better Lil Yachty
29%
DiCaprio 2 Skrawberries BJ the Chicago Kid
29%
DiCaprio 2 Tiiied 6lack, Ella Mai
29%
The Never Story Underwear
29%
DiCaprio 2 Westbrook ASAP Ferg
29%
Bruuuh
27%
Revenge of the Dreamers III Costa Rica JID, Bas, Guapdad 4000, Reese Laflare,Jace, Mez, Smokepurpp, Buddy, Ski Mask the Slump God
27%
The Never Story Hoodbooger
27%
DiCaprio 2 Slick Talk
27%
DiCaprio 2 Hot Box Method Man, Joey Badass
24%
Corinian Backyard JID, TiaCorine
22%
Spilligion Baptize JID, EarthGang, Ant Clemons
22%
DiCaprio 2 Frequency Change
22%
The Never Story All Bad Mereba
20%
DiCaprio 2 Just Da Other Day
20%
The Never Story Somebody
20%
Talk About Me JID, Denzel Curry, Dot da Genius, KidCudi
20%
DiCaprio 2 Mounted Up
18%
DiCaprio 2 Despacito Too
16%
The Never Story Doo Wop
16%
Spilligion End of Daze JID, EarthGang, Jurdan Bryant, Mereba,Hollywood JB
16%
Creed III: TheSoundtrack Ma Boy JID, Lute
16%
Revenge of the Dreamers III 1993 JID, J. Cole, EarthGang, Cozz,Buddy, Smino
13%
29 (Freestyle)
13%
30 (Freestyle)
13%
31 (Freestyle)
13%
32 (Freestyle)
13%
Baguetti JID, Smino, Kenny Beats
13%
Spilligion Mecca JID, EarthGang
13%
Bears Like This Bears Like This JID, EarthGang, Hollywood JB, JurdanBryant
11%
GDLU (Preluxe) BEAU
11%
Revenge of the Dreamers III - Director's Cut Big Black Truck JID
11%
Cludder
11%
Spilligion Judas JID, Ari Lennox, Buddy, Chancethe Raper, Masego
11%
Spilligion Jupiter JID, Mereba, EarthGang, Hollywood JB,Jurdan Bryant
11%
Spilligion Shiva JID, EarthGang, Benji, Jurdan Bryant
11%
Revenge of the
Dreamers III -
Director's Cut
Still Dreamin JID, Lute, 6lack
11%
Madden NFL 22 Ambassel
9%
Bruuuh (Remix) Denzel Curry
9%
Spilligion Ea'alah (Family) JID, EarthGang, Hollywood JB
9%
Revenge of the Dreamers III Ladies, Ladies, Ladies JID, T.I.
9%
Lucky Buddha Lucky Buddha Money Makin' Nique, Mereba
9%
Skegee
9%
Revenge of the Dreamers III Wells Fargo (Interlude) JID, EarthGang, Buddy,Guapdad 4000
9%
Ballads Conway the Machine
7%
D-Day: A Gangsta Grillz Mixtape Barry From Simpsons JID, 2 Chainz, Young Nudy
7%
Creed III: The Soundtrack In The Room JID, Tierra Whack, BJ the Chicago Kid
7%
Spilligion PsalmSing Mereba (addiitional vocals from JID,Benji, Hero the Band, Olu)
7%
Revenge of the Dreamers III Rembrandt...Run It Back JID, J. Cole, Vince Staples
7%
Revenge of the Dreamers III - Director's Cut Up Up Away JID, EarthGang, Vince Staples
7%
Bears Like This TooMuch Can't Call It JID, EarthGang, J. Cole, Bas
4%
Spilligion Hapi Benji, EarthGang, Mereba, Big Rube(background vocals from JID, Najinga Luster, Rashida Chitunda)
4%
DiCaprio LeHoodBooger
4%
Bears Like This Too Metropolis JID, EarthGang
4%
Bears Like This Too Much M.O.M JID, Quentin Miller
4%
Revenge of the Dreamers III Oh Wow...Swerve J. Cole, Zoink Gang, Key!, MaxoKream (uncredited vocals from JID)
4%
Bears Like This Too Pussy On Repeat JID, EarthGang, 6lack
4%
Bears Like This Too Sky JID, 6lack
4%
Bears Like This Too Much Willow Tree JID, EarthGang, Hollywood JB, JurdanBryant
4%
Bears Like This Too Much Yellow Snow Freestyle JID
4%
Bears Like This Cold Couch JID, EarthGang, Hollywood JB
2%
Bears Like This Too Duece Coupe JID, EarthGang
2%
Bears Like This God's Pocket JID, EarthGang, Hollywood JB
2%
JIDtranada (Freestyle)
2%
DiCaprio LeHornys
2%
DiCaprio LeTrow 6lack
2%
Bears Like This Too Love Child JID, EarthGang, 6lack, Mereba, JurdanBryant
2%
Bears Like This Mush Mouf JID, EarthGang
2%
Lucky Buddha Sweet & Sour Money Makin' Nique
2%
Bears Like This Too Ten Ten JID, EarthGang, OG Maco
2%
Bears Like This The Curve JID, EarthGang
2%
Lucky Buddha Black Dove Money Makin' Nique
0%
Lucky Buddha Green Onions Money Makin' Nique, EarthGang
0%
DiCaprio LeFluGame Jace (ATL)
0%
DiCaprio LeHooligangs EarthGang, OG Maco
0%
DiCaprio LeInterlude Part 1
0%
DiCaprio LeStudMuffin Curtis Williams
0%
DiCaprio LeTumbapart1 Key!
0%
No matching quizzes found
Score Distribution
Percent of People with Each Score
Percentile by Number Answered
Your Score History
You have not taken this quiz